000 00436nam a22001577a 4500
003 OSt
008 250418b |||||||| |||| 00| 0 eng d
020 _a9789356819894
082 _a621 GKG
100 _aGK PUBLICATIONS
245 _aGate-2025 Computer Science and Information Technology Previous Year 2000-24 Solved Paper
260 _aFaridabad
_bGK Publications
_c2025
300 _aMISC
650 _aGate-2025
942 _2ddc
_cBK
999 _c13335
_d13335